000 00464nam a2200181Ia 4500
001 1914
005 20260306143803.0
008 260306t2004||||xx |||||||||||||| ||spa||
041 _aESP
082 _a158.1
_bM84
100 _aMonbourquette, Jean
_eAUT
245 0 _aEstrategias para desarrollar la autoestima y la estima del yo profundo
260 _c2004
300 _a357 páginas :
_c21 cm.
650 _aGEN
654 _aCPS
942 _cLIB
_dJUS
_fJUS
_2ddc
_n
999 _c1914
_d1914